Statistieken voor Belgian Provinces

Klik hier om de quiz te nemen!

Algemene statistieken

  • Deze quiz is 9 keer genomen
  • De gemiddelde score is 9 van 10

Antwoordstatistieken

HintAntwoord% Correct
LLimburg
100%
AAntwerpen
89%
LLuxemburg
89%
NNamen
89%
OOost-Vlaanderen
89%
VWest-Vlaanderen
89%
HHenegouwen
78%
LLuik
78%
VVlaams-Brabant
78%
WWaals-Brabant
78%

Scoreverdeling

Percentiel versus Aantal Correcte Antwoorden

Procent van Mensen met Elke Score

Uw Scoregeschiedenis

U heeft deze quiz nog niet genomen